| 000 | 01857nam a2200385 a 4500 | ||
|---|---|---|---|
| 001 | 000017044 | ||
| 005 | 20250924073801.0 | ||
| 008 | 100316s1984 dr ad 000 0 spa d | ||
| 040 |
_aDO-SdBNP _bspa _cBNPHU |
||
| 082 |
_a610.7247293 _bR444t |
||
| 111 | 2 |
_aReunión sobre Tendencias y Perspectivas de la Investigación de las Ciencias Sociales aplicadas a la Salud _937610 |
|
| 245 | 0 | 0 |
_aTendencias de las investigaciones en ciencias sociales aplicadas a la salud en la República Dominicana / _cDiómedes Robles Cid...[et al.]; edición de Ismael Paniagua. |
| 260 |
_aSanto Domingo : _bUASD, _c1984. |
||
| 300 |
_a90 p. : _bil.,tablas ; _c22 cm. |
||
| 490 | 1 |
_aPublicaciones de la Universidad Autónoma de Santo Domingo _v345 |
|
| 490 | 1 |
_aSalud y sociedad _v1 |
|
| 500 | _aIncluye referencias bibliográficas y notas al pie de páginas. | ||
| 504 | _aBibliografía : p. 87-90. | ||
| 590 | _aInventariado, 2018/VM | ||
| 650 | 0 |
_aMedicina _912481 |
|
| 650 | 4 |
_aCiencias sociales _xInvestigaciones _zRepública Dominicana _xCongresos, conferencias, etc. _937611 |
|
| 650 | 4 |
_aCiencias médicas _xInvestigaciones _zRepública Dominicana _xCongresos, conferencias, etc. _937612 |
|
| 650 | 4 |
_aCiencias sociales _xMetodología _zRepública Dominicana _xCongresos, conferencias, etc. _937613 |
|
| 700 | 1 |
_aBatista del Villar, Guarocuya _920408 |
|
| 700 | 1 |
_aSánchez Martínez, Fernando _97183 |
|
| 700 | 1 |
_aTejada Ortiz, Dagoberto, _d1940- _933526 |
|
| 700 | 1 |
_aMella Mejías, César _d1950- _9210 |
|
| 700 | 1 |
_aRomero Portuondo, Maritza _937614 |
|
| 700 | 1 |
_aWilliams, Norma _937615 |
|
| 700 | 1 |
_aPaniagua, Ismael _eed. _974 |
|
| 710 | 1 |
_aUniversidad Autónoma de Santo Domingo _972951 |
|
| 830 |
_aPublicaciones de la Universidad Autónoma de Santo Domingo _v345 _952 |
||
| 830 | 0 |
_aSalud y sociedad _n1 _937616 |
|
| 910 | _aValidado. Control de calidad EMS | ||
| 999 |
_c16570 _d16570 |
||